Humor a reklama

Všetky výskumy i hlasy z praxe potvrdzujú skutočnosť, že humorná reklama oproti reklame neobsahujúcej humor je ďaleko efektívnejšia v získavaní pozornosti a posilňuje povedomie.

Gespeichert in:
Bibliographische Detailangaben
1. Verfasser: Světlík, Jaroslav
Format: Buchkapitel
Sprache:Tschechisch
Schlagworte:
Tags: Tag hinzufügen
Keine Tags, Fügen Sie das erste Tag hinzu!

MARC

LEADER 00000naa$a2200000$$$4500
001 0092580
005 20231114080235.7
041 0 |a cze 
044 |a CZ 
245 1 0 |a Humor a reklama  |c Jaroslav Světlík 
520 |a Všetky výskumy i hlasy z praxe potvrdzujú skutočnosť, že humorná reklama oproti reklame neobsahujúcej humor je ďaleko efektívnejšia v získavaní pozornosti a posilňuje povedomie. 
610 2 0 |a reklama 
610 2 0 |a adresnosť reklamy 
610 2 0 |a humor 
100 1 |a Světlík, Jaroslav